000 00849nam a22002771i 4500
005 20201015144502.0
008 201015s2018 ii |||e ||| 000 f tam d
020 _cRM 67.20
_qpaperback
040 _aPPAK
_beng
_cPPAK
_erda
082 0 4 _223
_a894.8113
090 0 0 _a894.8113
_bSAK
_dG
100 0 _6880-01
_aSakthi
_eauthor.
245 1 0 _6880-02
_aVuyiril Kalanthavaleh... /
_cSakthi
264 1 _aChennai, India :
_bPriya Nilayam ,
_c2018.
300 _a472 pages ;
_c18 cm.
336 _2rdacontent
_atext
337 _2rdamedia
_aunmediated
338 _2rdacarrier
_avolume
546 _aIn Tamil.
650 1 0 _aMan-woman relationships
_xFiction.
650 1 0 _aTamil fiction.
655 0 _aRomance fiction
880 0 _6100-01
_aசக்தி
880 1 0 _6245-02
_aஉயிரில் கலந்தவளே...
942 _2ddc
_cB
999 _c179533
_d179533